000 00433nam a2200169Ia 4500
003 GCL
008 140319s9999 xx 000 0 ara d
040 _aGCL /
_cGCL
082 0 4 _a813.03
_bم ب
100 1 _aمحمد التابعى
245 1 0 _aبعض من عرفت /
_cمحمد التابعى
300 _a164 ص
490 _a
650 0 4 _aالادب العربى
650 0 4 _aالقصة العربية
942 _2ddc
_cBK
999 _c38546
_d38546